Loading...
| Science - Physics | 0 | 6 | 1 | 0 | 55 | 28 | 55.67 | 1 | 4 | 26.54 | 37.88 |
| Literature - British | 0 | 5 | 0 | 1 | 50 | 69 | 93.40 | 0 | 1 | 8.08 | 18.81 |
| Philosophy | 0 | 4 | 0 | 0 | 40 | 30 | 79.25 | 1 | 1 | 11.06 | 23.15 |
| Fine Arts - Classical Music | 0 | 4 | 0 | 0 | 40 | 82 | 109.25 | 0 | 1 | 3.77 | 15.28 |
| Literature - American | 0 | 4 | 0 | 2 | 40 | 95 | 105.00 | 0 | 0 | 2.54 | 8.33 |
| Science - Other | 0 | 3 | 0 | 2 | 30 | 74 | 98.33 | 1 | 2 | 3.29 | 9.34 |
| History - American | 0 | 3 | 0 | 0 | 30 | 88 | 93.67 | 0 | 0 | 3.57 | 8.71 |
| Science - Biology | 0 | 3 | 0 | 1 | 30 | 46 | 82.33 | 0 | 1 | 6.36 | 10.98 |
| Religion | 0 | 2 | 0 | 0 | 20 | 81 | 83.50 | 0 | 0 | 3.15 | 5.43 |
| Science - Chemistry | 0 | 2 | 0 | 1 | 20 | 88 | 103.00 | 0 | 0 | 0.00 | 4.04 |
| Fine Arts - Other | 0 | 2 | 0 | 0 | 20 | 87 | 99.00 | 0 | 0 | 3.53 | 6.06 |
| History - World | 0 | 2 | 0 | 0 | 20 | 35 | 65.50 | 0 | 0 | 7.38 | 8.71 |
| Literature - European | 0 | 2 | 0 | 0 | 20 | 70 | 90.50 | 0 | 1 | 3.78 | 10.10 |
| Fine Arts - Painting and Sculpture | 0 | 2 | 0 | 1 | 20 | 95 | 106.50 | 0 | 0 | 1.71 | 4.55 |
| History - European | 0 | 2 | 1 | 2 | 15 | 108 | 112.00 | 0 | 0 | 0.17 | 4.42 |
| Current Events | 0 | 1 | 0 | 1 | 10 | 112 | 112.00 | 0 | 0 | 0.00 | 2.22 |
| Geography | 0 | 1 | 0 | 0 | 10 | 110 | 110.00 | 0 | 0 | 0.00 | 1.79 |
| History - Other | 0 | 1 | 0 | 0 | 10 | 106 | 106.00 | 0 | 0 | 0.33 | 3.41 |
| Mythology | 0 | 1 | 0 | 0 | 10 | 101 | 101.00 | 0 | 0 | 1.04 | 4.04 |
| Social Science | 0 | 1 | 1 | 0 | 5 | 80 | 80.00 | 0 | 0 | 3.80 | 3.17 |